00309nam a2200133Ia 45000030006000000080041000060400015000471000008000622450034000702600034001043000006001385460014001440050017001580STCL150530s9999 xx 000 0 und d aSTCLcSTCL aPTL aOnam Vannalum Unni Pirannalum bPreethi Books; Thrissurc1980 a0 aMalayalam20220125170710.0